| 000 | 01267cam a22002895a 4500 | ||
|---|---|---|---|
| 001 | L152347 | ||
| 002 | 18647 | ||
| 008 | 100303s2011 xxk f 001 0 eng d | ||
| 020 | _a9781842196373 | ||
| 035 | _a(Sirsi) u152347 | ||
| 041 | 0 | _aeng | |
| 050 | 0 | 4 | _a690.2 $2 18 |
| 110 | 2 |
_aWatts Group Plc _95510 |
|
| 245 | 0 | 0 | _aWatts pocket handbook 2011 |
| 250 | _a27th ed. | ||
| 260 |
_aLondon _bRICS _c2011 |
||
| 300 |
_aviii, 472p. _c18cm. |
||
| 350 | _a26.95 | ||
| 505 | 2 | _aProperty investment and ownership -- Maintenance management -- Development and procurement -- Legislation -- Design -- Materials and defects -- Sustainability -- Useful resources -- Index -- Watts Group directory | |
| 520 | _a2011 edition of this annual publication providing legal and technical advice and guidance for those working in property and construction. New content in this edition includes: air conditioning inspections; Code for Sustainable Buildings; multi-storey car parks; Managing construction risks in the recession; project stages; rating revaluation 2011; and tree identification. | ||
| 520 | _aSupersedes 26th edition (ISBN 9781842195512 ). | ||
| 521 | _aAdvanced | ||
| 590 | _aKA | ||
| 651 | 4 |
_aUnited Kingdom _y |
|
| 690 | _aBUILT ENVIRONMENT | ||
| 942 | _n0 | ||
| 999 |
_c112012 _d112012 |
||